KOHA-Header-6

Sarkari Idaroun ki Islah (Record no. 7324)

000 -LEADER
fixed length control field 00224nam a2200097Ia 4500
100 ## - MAIN ENTRY--AUTHOR NAME
Personal name Professor Doctor Abdul Wahab
245 #0 - TITLE STATEMENT
Title Sarkari Idaroun ki Islah
260 ## - PUBLICATION, DISTRIBUTION, ETC. (IMPRINT)
Place of publication Karachi
Name of publisher Royal Book
Year of publication 2014
300 ## - PHYSICAL DESCRIPTION
Number of Pages 384
942 ## - ADDED ENTRY ELEMENTS (KOHA)
Koha item type Books
Holdings
Withdrawn status Lost status Permanent Location Current Location Shelving location Date acquired Full call number Accession Number Koha item type
    MAJU MAJU   2019-09-12 910.4 1168 Books

Powered by Koha